000 00287nam a2200109Ia 4500
001 1261749
005 20260417140358.0
008 260417s9999 xx 000 0 und d
020 _a9789752897588
245 0 _aKokotlar Mektebi
_cHüseyin Rahmi Gürpınar
260 _bEverest Yayınları
999 _c1261749
_d1261749